000 01535nam a2200397 i 4500
003 EG-GICUC
005 20260121101208.0
008 251111s1924 fr |||f m||| 00| 0 Fre d
040 _aEG-GICUC
_bfre
_cEG-GICUC
_dEG-GICUC
_erda
041 0 _afre
_bfre
_dfre
049 _aDévouement
082 0 4 _a341.8
_221
097 _aDoctorat
099 _aLaw 12 PHD 1924
100 0 _aBourquin Edouard
_eAuteur
245 1 2 _aLes Transformations Survenues Dans L'union Monétaire Latine Au Cours De La Guerre/
_cPar Edouard Bourquin ; Président Germain-Martin.
264 0 _aBefort-Mulhouse:
_bUniversité de Paris - Faculté de Droit;
_c1924.
300 _a146 Pages;
_c24 Cm.
336 _atext
_2rda content
337 _aComputer
_2rda media
338 _aOnline Resource
_2rda carrier
500 _aLettres en un seul exemplaire
500 _aFR
502 _aThèse Doctorat - Université de Paris , Faculté de Droit , Département de droit international privé , 1924.
504 _aComprend des références bibliographiques.
546 _aTexte en français
650 0 4 _aDroit international privé
653 0 _a.
655 4 _aThèses universitaires
_zUniversité de Paris
_xDroit international privé
700 0 _aGermain-Martin
_eAnnotateur
710 2 _aUniversité de Paris.
_bFaculté de droit
856 _uhttps://fll.law.cu.edu.eg/fulltext/th/T12-00403.pdf
900 _b1924
_UUniversité du Caire
_FFaculté de droit
_DDépartement de droit international
905 _a64
942 _2ddc
_cTH
_e21
_n0
999 _c42455